| 000 | 01011nam a2200301Ia 4500 | ||
|---|---|---|---|
| 003 | OSt | ||
| 005 | 20221007123130.0 | ||
| 006 | a|||||r|||| 00| 0 | ||
| 007 | ta | ||
| 008 | 221006b |||||||| |||| 00| 0 eng d | ||
| 020 | _a9780691139654 (hbk) | ||
| 024 | _a199641 | ||
| 037 |
_b204, 14/03/2019, GS Books Publishers & distributor LLP _cTextual |
||
| 040 |
_aPAPL _cPAPL _beng |
||
| 041 |
_2eng _aeng |
||
| 082 | _aC53:55, Q7 Carpa | ||
| 100 |
_aMacDonald Carolyn A _9716577 |
||
| 245 | 0 | _aIntroduction to X-ray physics, optics, and applications | |
| 260 |
_aNew _bJersey Princetion University Press _c2017 |
||
| 300 |
_axxii, 343p. ill. _ccm. |
||
| 500 | _aIndex 339-343p. | ||
| 650 |
_a Compton scattering _9716578 |
||
| 650 |
_a Synchrotron radiation _9716579 |
||
| 650 |
_a X-ray lasers _9716580 |
||
| 650 | _aPhysics | ||
| 942 |
_hC53:55, Q7 Carpa _cTEXL _2CC |
||
| 999 |
_c1211414 _d1211414 |
||